Γράμματα από το Άμστερνταμ
Αποθηκεύτηκε σε:
| Κύριος συγγραφέας: | |
|---|---|
| Άλλοι συγγραφείς: | |
| Μορφή: | Βιβλίο |
| Γλώσσα: | Greek |
| Δημοσίευση: |
Αθήνα :
Ερμής,
1976
|
| Σειρά: | Νέα ελληνική βιβλιοθήκη (Εκδοτική Ερμής)
|
| Θέματα: | |
| Ετικέτες: |
Προσθήκη ετικέτας
Δεν υπάρχουν, Καταχωρήστε ετικέτα πρώτοι!
|
MARC
| LEADER | 00000cam a2200000 i 4500 | ||
|---|---|---|---|
| 001 | 1/96867 | ||
| 008 | 950120s1976 gre d | ||
| 035 | |l 10010344 | ||
| 040 | |a GR-MY-UA |b gre |e aacr | ||
| 041 | 0 | |a gre | |
| 082 | 0 | |a 888.6433 | |
| 100 | 1 | |a Πέτρου, Σταμάτης. | |
| 245 | 1 | 0 | |a Γράμματα από το Άμστερνταμ / |c Σταμάτης Πέτρου ; Επιμέλεια Φίλιππος Ηλιού |
| 260 | |a Αθήνα : |b Ερμής, |c 1976 | ||
| 300 | |a 114 σ. |b εικ. | ||
| 490 | 1 | |a Νέα ελληνική βιβλιοθήκη | |
| 504 | |a Περιέχει βιβλιογραφία και ευρετήριο. | ||
| 600 | 1 | 0 | |a Κοραής, Αδαμάντιος, |d 1748-1833. |
| 650 | 0 | 0 | |a Greeks |z Netherlands. |
| 651 | 0 | |a Greece |x Social conditions. | |
| 700 | 1 | |4 edt |a Ηλιού, Φίλιππος, |d 1931-2004. | |
| 830 | 0 | |a Νέα ελληνική βιβλιοθήκη (Εκδοτική Ερμής) | |
| 852 | |a INST |b LESVOS |e 19950120 |h 888.6433 ΠΕΤ |p 005100003180 |q 005100003180 |t BK |y 0 | ||